Articles of value (Record no. 69660)

MARC details
000 -LEADER
fixed length control field 01025cam a2200193 4500
001 - CONTROL NUMBER
control field ABS65209
008 - FIXED-LENGTH DATA ELEMENTS--GENERAL INFORMATION
fixed length control field 020304n2002 000 0 eng u
035 ## - SYSTEM CONTROL NUMBER
System control number (Sirsi) u116955
100 ## - MAIN ENTRY--PERSONAL NAME
Personal name Brodtman, M.
245 ## - TITLE STATEMENT
Title Articles of value
260 ## - PUBLICATION, DISTRIBUTION, ETC.
Date of publication, distribution, etc. 2002
490 ## - SERIES STATEMENT
Series statement Estates Gazette
Volume/sequential designation (0206) 9 February 2002, 144-145(2)
520 ## - SUMMARY, ETC.
Summary, etc. Reports that RICS appointed Sir Brian Carsberg to report on areas of concern in the valuation industry highlighted by recent research. The "Carsberg report" makes eighteen recommendations encouraging the active participation of the RICS in developing research, providing guidance and revised procedures, and monitoring the outcome, which should benefit the whole property industry.This will minimise the risks of valuersα objectivity being compromised and ensure that public confidence in the system is maintained.
590 ## - LOCAL NOTE (RLIN)
Local note ABS
650 ## - SUBJECT ADDED ENTRY--TOPICAL TERM
Topical term or geographic name entry element CARSBERG REPORT
650 ## - SUBJECT ADDED ENTRY--TOPICAL TERM
Topical term or geographic name entry element RICS APPRAISAL AND VALUATION MANUAL
690 ## - LOCAL SUBJECT ADDED ENTRY--TOPICAL TERM (OCLC, RLIN)
Topical term or geographic name as entry element PROPERTY-PROPERTY APPRAISAL AND VALUATION
942 ## - ADDED ENTRY ELEMENTS (KOHA)
Suppress in OPAC 0
Holdings
Withdrawn status Lost status Source of classification or shelving scheme Damaged status Not for loan Home library Current library Shelving location Date acquired Total Checkouts Full call number Barcode Date last seen Copy number Price effective from Koha item type
    Dewey Decimal Classification     London London Journal article 04/03/2002   ABS65209 116955-1001 06/08/2019 1 06/08/2019 Journal article